Country and Capital Neighbour Connect with Disappearing World Map: Jump to Northernmost, move to Southernmost - Statistics

General Stats
  • This quiz has been taken 1,199 times
  • The average score is 217 of 392
Answers on the Map
Answers color-coded by a green-red scale on the quiz's map according to % correct below.
 
Answer Stats
Hint Hint Country/Capital % Correct
401.7 57 Norway
100%
577 52 Moscow
86%
615 140.9 China
83%
616 219.1 Phnom Penh
80%
624.3 219.9 Vietnam
80%
608 207.9 Bangkok
79%
616 219.1 Cambodia
79%
610.3 247.2 Malaysia
79%
664.3 290.8 East Timor
78%
635.5 264 Indonesia
78%
635.5 264 Jakarta
78%
703.7 282.4 Papua New Guinea
78%
703.7 282.4 Port Moresby
78%
664.3 290.8 Dili
77%
437 52 Finland
76%
437 52 Helsinki
76%
341 43 Iceland
76%
401.7 57 Oslo
76%
341 43 Reykjavík
76%
577 52 Russia
76%
414.3 60.5 Stockholm
76%
615 140.9 Beijing
74%
665.7 127 North Korea
73%
665.7 127 Pyongyang
73%
669 139 Seoul
73%
669 139 South Korea
73%
610.3 194.9 Vientiane
73%
638.6 246.1 Bandar Seri Begawan
72%
638.6 246.1 Brunei
72%
143 66 Canada
72%
180.4 215 El Salvador
72%
177.4 210 Guatemala City
72%
610.3 247.2 Kuala Lumpur
72%
151 182 Mexico City
72%
180.4 215 San Salvador
72%
608 207.9 Thailand
72%
153 129 Washington D.C.
72%
234 373 Argentina
71%
248.9 339.7 Asunción
71%
216.3 247.5 Bogotá
71%
236 319 Bolivia
71%
266 294 Brasília
71%
266 294 Brazil
71%
234 373 Buenos Aires
71%
232 235 Caracas
71%
218 384 Chile
71%
216.3 247.5 Colombia
71%
204 265.5 Ecuador
71%
248 242 Guyana
71%
236 319 La Paz
71%
208 292 Lima
71%
188.2 218.1 Managua
71%
254.9 370.2 Montevideo
71%
198 232.5 Panama
71%
248.9 339.7 Paraguay
71%
208 292 Peru
71%
204 265.5 Quito
71%
192 228 San José
71%
218 384 Santiago
71%
254.4 248.1 Suriname
71%
414.3 60.5 Sweden
71%
184.5 210.7 Tegucigalpa
71%
254.9 370.2 Uruguay
71%
232 235 Venezuela
71%
502 182.5 Abu Dhabi
70%
460.3 130.6 Ankara
70%
430 129 Athens
70%
443.4 81.2 Belarus
70%
436.7 107.1 Bucharest
70%
437.8 117.9 Bulgaria
70%
401.5 73.5 Denmark
70%
495.7 176.2 Doha
70%
439 64.8 Estonia
70%
386 105 France
70%
248 242 Georgetown
70%
404 89.9 Germany
70%
430 129 Greece
70%
624.3 219.9 Hanoi
70%
556 185.9 India
70%
501.3 152.5 Iran
70%
478.8 149.9 Iraq
70%
450.6 96 Kiev
70%
610.3 194.9 Laos
70%
438 70.6 Latvia
70%
443.4 81.2 Minsk
70%
509.33 187.2 Muscat
70%
597 188.5 Naypyidaw
70%
509.33 187.2 Oman
70%
535.7 164.2 Pakistan
70%
254.4 248.1 Paramaribo
70%
495.7 176.2 Qatar
70%
438 70.6 Riga
70%
482.1 179.9 Riyadh
70%
436.7 107.1 Romania
70%
488.3 208.2 Sana'a
70%
482.1 179.9 Saudi Arabia
70%
437.8 117.9 Sofia
70%
372 127.5 Spain
70%
439 64.8 Tallinn
70%
460.3 130.6 Turkey
70%
450.6 96 Ukraine
70%
502 182.5 United Arab Emirates
70%
488.3 208.2 Yemen
70%
378.2 234.5 Accra
69%
377 202.2 Bamako
69%
366 153.5 Morocco
69%
354 195.5 Nouakchott
69%
398 230.8 Abuja
68%
420 301.2 Angola
68%
344 216 Banjul
68%
385.7 225 Benin
68%
347.7 220.3 Bissau
68%
416.9 260.5 Brazzaville
68%
377 219 Burkina Faso
68%
353.3 224.2 Conakry
68%
368 235.9 Cote d'Ivoire
68%
347 212 Dakar
68%
354 232.9 Freetown
68%
344 216 Gambia
68%
378.2 234.5 Ghana
68%
353.3 224.2 Guinea
68%
347.7 220.3 Guinea-Bissau
68%
444 360.5 Lesotho
68%
359.2 239.6 Liberia
68%
383 232.4 Lomé
68%
377 202.2 Mali
68%
467 309.5 Maputo
68%
444 360.5 Maseru
68%
451.3 350.1 Mbabane
68%
359.2 239.6 Monrovia
68%
385.7 225 Porto-Novo
68%
431 365 Pretoria
68%
347 212 Senegal
68%
354 232.9 Sierra Leone
68%
431 365 South Africa
68%
451.3 350.1 Swaziland
68%
383 232.4 Togo
68%
418 328 Windhoek
68%
368 235.9 Yamoussoukro
68%
407 247 Yaoundé
68%
447 325 Zimbabwe
68%
435 336.1 Botswana
67%
435 336.1 Gaborone
67%
447 325 Harare
67%
438 310 Lusaka
67%
456 307 Malawi
67%
467 309.5 Mozambique
67%
418 328 Namibia
67%
438 310 Zambia
67%
447.8 272.6 Burundi
66%
433 267.2 Democratic Republic of the Congo
66%
459.1 282.5 Dodoma
66%
449.6 239.5 Juba
66%
453.1 256.6 Kampala
66%
465.8 259.9 Kenya
66%
447.8 267.7 Kigali
66%
433 267.2 Kinshasa
66%
456 307 Lilongwe
66%
420 301.2 Luanda
66%
465.8 259.9 Nairobi
66%
447.8 267.7 Rwanda
66%
459.1 282.5 Tanzania
66%
453.1 256.6 Uganda
66%
470 234.2 Addis Ababa
65%
466.3 209.2 Asmara
65%
427.6 239 Bangui
65%
404 89.9 Berlin
65%
407 247 Cameroon
65%
427.6 239 Central African Republic
65%
422.6 209.4 Chad
65%
401.5 73.5 Copenhagen
65%
476.4 221.6 Djibouti
65%
476.4 221.6 Djibouti (cap)
65%
404 255.8 Equatorial Guinea
65%
466.3 209.2 Eritrea
65%
470 234.2 Ethiopia
65%
406.5 264 Gabon
65%
448.5 209.5 Khartoum
65%
406.5 264 Libreville
65%
488 230 Mogadishu
65%
422.6 209.4 N'Djamena
65%
403.3 203.9 Niger
65%
398 230.8 Nigeria
65%
377 219 Ouagadougou
65%
416.9 260.5 Republic of the Congo
65%
416.4 124.2 Rome
65%
488 230 Somalia
65%
449.6 239.5 South Sudan
65%
448.5 209.5 Sudan
65%
398.4 103.5 Switzerland
65%
408.5 120.7 Vatican City
65%
408.5 120.7 Vatican City (cap)
65%
447.8 272.6 Bujumbura
64%
416.4 124.2 Italy
64%
434.3 76.3 Lithuania
64%
404 255.8 Malabo
64%
403.3 203.9 Niamey
64%
423.6 87.1 Poland
64%
408.5 113.9 San Marino
64%
408.5 113.9 San Marino (cap)
64%
425.5 124 Albania
63%
423 98 Bratislava
63%
424.4 103.1 Hungary
63%
429.5 121.7 Macedonia
63%
427.6 113 Serbia
63%
427.6 113 Belgrade
62%
421 113 Bosnia and Herzegovina
62%
418 108 Croatia
62%
427.5 118.5 Kosovo
62%
413 106.5 Ljubljana
62%
423.7 117.8 Montenegro
62%
423.7 117.8 Podgorica
62%
427.5 118.5 Pristina
62%
421 113 Sarajevo
62%
429.5 121.7 Skopje
62%
413 106.5 Slovenia
62%
425.5 124 Tirana
62%
418 108 Zagreb
62%
414.2 100.9 Austria
61%
398.4 103.5 Bern
61%
424.4 103.1 Budapest
61%
402 103.1 Liechtenstein
61%
423 98 Slovakia
61%
402 103.1 Vaduz
61%
414.2 100.9 Vienna
61%
414 93.8 Czech Republic
60%
372 127.5 Madrid
60%
414 93.8 Prague
60%
366 153.5 Rabat
60%
377 86 United Kingdom
60%
434.3 76.3 Vilnius
60%
423.6 87.1 Warsaw
60%
384.2 167.2 Algeria
59%
447 171.3 Cairo
59%
447 171.3 Egypt
59%
419.3 172.9 Libya
59%
354 195.5 Mauritania
59%
462.3 158.9 Amman
58%
478.8 149.9 Baghdad
58%
363 82.5 Dublin
58%
459 157 Israel
58%
459 157 Jerusalem
58%
462.3 158.9 Jordan
58%
393 86.9 Amsterdam
57%
363 82.5 Ireland
57%
487 162.9 Kuwait
57%
487 162.9 Kuwait City
57%
377 86 London
57%
386 105 Paris
57%
391 91 Belgium
56%
393 86.9 Netherlands
56%
384 118.7 Andorra
55%
384 118.7 Andorra la Vella
55%
533 100 Astana
55%
391 91 Brussels
55%
394.3 94.2 Luxembourg
55%
394.3 94.2 Luxembourg (cap)
55%
528 149.2 Afghanistan
53%
513 130.6 Ashgabat
53%
535.7 164.2 Islamabad
53%
597 188.5 Myanmar
53%
556 185.9 New Delhi
53%
583 181.8 Bangladesh
52%
583 181.8 Dhaka
52%
528 149.2 Kabul
52%
533 100 Kazakhstan
52%
501.3 152.5 Tehran
52%
513 130.6 Turkmenistan
52%
480.5 125 Armenia
51%
487.6 125 Azerbaijan
51%
487.6 125 Baku
51%
479 120 Georgia
51%
444.4 102 Moldova
51%
614.2 104.1 Mongolia
51%
479 120 Tbilisi
51%
614.2 104.1 Ulaanbaatar
51%
480.5 125 Yerevan
51%
444.4 102 Chișinău
50%
192 228 Costa Rica
49%
177.4 210 Guatemala
49%
184.5 210.7 Honduras
49%
151 182 Mexico
49%
188.2 218.1 Nicaragua
49%
153 129 United States
49%
143 66 Ottawa
48%
198 232.5 Panama City
48%
397.2 114.5 Monaco
44%
397.2 114.5 Monaco (cap)
44%
548 122 Bishkek
43%
545.2 133.5 Tajikistan
43%
545.2 133.5 Dushanbe
42%
693.3 140 Japan
42%
548 122 Kyrgyzstan
42%
361.7 127.6 Lisbon
42%
361.7 127.6 Portugal
42%
525 122.5 Tashkent
42%
693.3 140 Tokyo
42%
525 122.5 Uzbekistan
42%
401 148 Tunis
41%
419.3 172.9 Tripoli
40%
412.9 141.1 Valletta
40%
384.2 167.2 Algiers
39%
455.3 143.7 Cyprus
39%
412.9 141.1 Malta
39%
455.3 143.7 Nicosia
39%
467 143 Syria
39%
401 148 Tunisia
39%
461.7 146.8 Beirut
38%
467 143 Damascus
38%
461.7 146.8 Lebanon
38%
569.8 166.5 Nepal
38%
584.1 169.4 Bhutan
37%
569.8 166.5 Kathmandu
37%
584.1 169.4 Thimphu
37%
209 180.9 Bahamas
35%
494.3 174 Bahrain
35%
206 190.2 Cuba
35%
206 190.2 Havana
35%
494.3 174 Manama
35%
209 180.9 Nassau
35%
652.9 182.1 Taipei
35%
652.9 182.1 Taiwan
35%
218 196 Haiti
34%
221 197 Santo Domingo
34%
221 197 Dominican Republic
33%
206 200.2 Jamaica
33%
206 200.2 Kingston
33%
218 196 Port-au-Prince
33%
239.4 203.4 Basseterre
32%
180.9 203.6 Belize
32%
180.9 203.6 Belmopan
32%
239.4 203.4 Saint Kitts and Nevis
32%
241.4 204 Antigua and Barbuda
31%
241.4 204 Saint John's
31%
326.7 206.9 Cape Verde
29%
326.7 206.9 Praia
29%
242.4 209.5 Dominica
28%
657 220.6 Manila
28%
657 220.6 Philippines
28%
243.2 214.6 Saint Lucia
28%
243.2 214.6 Castries
27%
242.4 209.5 Roseau
27%
242.7 216.8 Kingstown
26%
242.7 216.8 Saint Vincent and the Grenadines
26%
246.5 217 Barbados
25%
246.5 217 Bridgetown
25%
241.6 220.6 Grenada
25%
242.5 226.6 Port-of-Spain
25%
241.6 220.6 Saint George's
25%
242.5 226.6 Trinidad and Tobago
25%
760.6 232.2 Marshall Islands
24%
562 235.3 Sri Lanka
24%
760.6 232.2 Majuro
23%
562 235.3 Sri Jayawardenepura Kotte
23%
680.5 241.3 Ngerulmud
21%
680.5 241.3 Palau
21%
717.7 235.2 Federated States of Micronesia
20%
21 272 Kiribati
20%
717.7 235.2 Palikir
20%
545.9 248.9 Maldives
19%
545.9 248.9 Malé
19%
21 272 South Tarawa
19%
756.2 263.4 Nauru
18%
395.5 260.6 São Tomé
18%
395.5 260.6 São Tomé and Príncipe
18%
505.5 277 Seychelles
17%
614.2 256.7 Singapore
17%
614.2 256.7 Singapore (cap)
17%
505.5 277 Victoria
17%
756.2 263.4 Yaren
17%
742.1 295 Honiara
15%
742.1 295 Solomon Islands
15%
804.5 282.8 Funafuti
14%
479.4 301.4 Moroni
14%
804.5 282.8 Tuvalu
14%
479.4 301.4 Comoros
13%
486 324.3 Antananarivo
12%
802.8 307.7 Apia
12%
486 324.3 Madagascar
12%
755.5 318.6 Port Vila
12%
802.8 307.7 Samoa
12%
755.5 318.6 Vanuatu
12%
683 342 Australia
11%
683 342 Canberra
11%
782.9 320.1 Fiji
11%
510.1 329.1 Port Louis
11%
782.9 320.1 Suva
11%
510.1 329.1 Mauritius
10%
776.7 391.9 New Zealand
10%
798.1 328.7 Nukuʻalofa
10%
798.1 328.7 Tonga
10%
776.7 391.9 Wellington
10%
No matching quizzes found
Score Distribution
Percent of People with Each Score
Percentile by Number Answered
Your Score History
You have not taken this quiz